<?xml version="1.0" encoding="UTF-8"?>
<record
    xmlns:xsi="http://www.w3.org/2001/XMLSchema-instance"
    xsi:schemaLocation="http://www.loc.gov/MARC21/slim http://www.loc.gov/standards/marcxml/schema/MARC21slim.xsd"
    xmlns="http://www.loc.gov/MARC21/slim">

  <leader>02431nam a2200265 a 4500</leader>
  <controlfield tag="001"> </controlfield>
  <controlfield tag="003">DO-SdBNP</controlfield>
  <controlfield tag="005">20220221092257.0</controlfield>
  <controlfield tag="008">140613s  20uu   dr a    000 0 spa d</controlfield>
  <datafield tag="020" ind1=" " ind2=" ">
    <subfield code="a">9993492302</subfield>
  </datafield>
  <datafield tag="040" ind1=" " ind2=" ">
    <subfield code="a">DO-SdBNP</subfield>
    <subfield code="b">spa</subfield>
    <subfield code="c">BPMSU</subfield>
  </datafield>
  <datafield tag="082" ind1=" " ind2="4">
    <subfield code="a">922.2</subfield>
    <subfield code="b">P421u</subfield>
    <subfield code="2">22</subfield>
  </datafield>
  <datafield tag="100" ind1="1" ind2=" ">
    <subfield code="a">Pep&#xE9;n, Juan F.</subfield>
    <subfield code="c">Obispo </subfield>
  </datafield>
  <datafield tag="245" ind1="1" ind2="3">
    <subfield code="a">Un garabato de Dios :</subfield>
    <subfield code="b">vivencias de un testigo /</subfield>
    <subfield code="c">Juan F. Pep&#xE9;n.</subfield>
  </datafield>
  <datafield tag="260" ind1=" " ind2=" ">
    <subfield code="a">Santo Domingo :</subfield>
    <subfield code="b">Peregrino,</subfield>
    <subfield code="c">[200-?]</subfield>
  </datafield>
  <datafield tag="300" ind1=" " ind2=" ">
    <subfield code="a">300 p. :</subfield>
    <subfield code="b">il. ;</subfield>
    <subfield code="c">21 cm.</subfield>
  </datafield>
  <datafield tag="490" ind1="0" ind2=" ">
    <subfield code="a">UCADE</subfield>
  </datafield>
  <datafield tag="505" ind1=" " ind2=" ">
    <subfield code="a">Pr&#xF3;logo 11 -- Nacimiento y primera infancia 15 -- Primera escuela y ambiente social 19 -- Vida religiosa del pueblo 23 -- Primera vida religiosa 29 -- La aventura del seminario 35 -- Hacia una nueva experiencia 49 -- Sacerdocio y ministerio 49 -- De nuevo en casa 75 -- Un tiempo dif&#xED;cil para esta iglesia 81 -- Hacia el episcopado 89 -- Las manos en el arado 101 -- Una Iglesia m&#xE1;s encarnada 109 -- Dias muy dif&#xED;ciles 109 -- Primer viaje a Roma 129 -- Ministerio y apostolado 129 -- Al ritmo de los tiempos 151 -- Paso a paso 163 -- Vida igual y nueva tarea 177 -- Una Iglesia en crecimiento 185 -- Una Iglesia renovada y peregrina 197 -- La huella del testigo 211 -- Un nuevo pentecost&#xE9;s 219 -- Ep&#xED;logo 225 -- APENDICES -- Defiende a los obreros del az&#xFA;car un prelado dominicano 231 -- Carta pastoral: sobre el problema agrario y sus posibles soluciones 235 -- ;Mensaje en la fiesta de Nuestra Se&#xF1;ora de la Altagracia 241 -- Devoluci&#xF3;n de la imagen de la virgen de la Altagracia 247 -- Semana de oraci&#xF3;n y desagravio 249 -- Declaraci&#xF3;n del consejo presbiterial 251 -- Un nuevo seminario 253 -- Sobre designaci&#xF3;n de un nuevo obispo 257 -- Breve descripci&#xF3;n de la di&#xF3;cesis de nuestra se&#xF1;ora de la Altagracia 259 -- Obras auspiciadas por el obispado de Higuey a partir de octubre de 1959 263 -- Monse&#xF1;or Pep&#xE9;n, educador desde la iglesia 267 -- Sobre las Misioneras de la Caridad (de Calcuta) 275 -- Visita pastoral en Bayaguana 277 -- 25 aniversario escuela Juan XXIII 281 -- El nuncio Lino Zanini 287 -- 40 a&#xF1;os despu&#xE9;s 291 -- Respuesta a cuestionario sobre la Altagracia 295 -- Carta del padre Juan Ballari SBB 297 -- Albricias Papa Juan XXIII 299</subfield>
  </datafield>
  <datafield tag="590" ind1=" " ind2=" ">
    <subfield code="a">Inventariado, 2021/VM</subfield>
  </datafield>
  <datafield tag="600" ind1="1" ind2="4">
    <subfield code="a">Pep&#xE9;n, Juan F., </subfield>
    <subfield code="d">1920-</subfield>
    <subfield code="v">Religi&#xF3;n</subfield>
  </datafield>
  <datafield tag="710" ind1="2" ind2=" ">
    <subfield code="a">Universidad Cat&#xF3;lica del Este (Hig&#xFC;ey, Rep&#xFA;blica Dominicana)</subfield>
  </datafield>
  <datafield tag="830" ind1=" " ind2="0">
    <subfield code="a">Ucade</subfield>
    <subfield code="n">1</subfield>
  </datafield>
  <datafield tag="910" ind1=" " ind2=" ">
    <subfield code="a">VMateo V:</subfield>
  </datafield>
  <datafield tag="942" ind1=" " ind2=" ">
    <subfield code="2">ddc</subfield>
    <subfield code="c">BK</subfield>
  </datafield>
  <datafield tag="952" ind1=" " ind2=" ">
    <subfield code="0">0</subfield>
    <subfield code="1">0</subfield>
    <subfield code="2">ddc</subfield>
    <subfield code="4">0</subfield>
    <subfield code="7">0</subfield>
    <subfield code="8">CD</subfield>
    <subfield code="a">BPMET</subfield>
    <subfield code="b">BPMET</subfield>
    <subfield code="d">2021-10-08</subfield>
    <subfield code="e">Compra</subfield>
    <subfield code="o">BPMSU CD 922.2 P421u 2003</subfield>
    <subfield code="p">BPMSUT21100064</subfield>
    <subfield code="r">2021-10-08</subfield>
    <subfield code="w">2021-10-08</subfield>
    <subfield code="y">BK</subfield>
  </datafield>
  <datafield tag="999" ind1=" " ind2=" ">
    <subfield code="c">13773</subfield>
    <subfield code="d">13773</subfield>
  </datafield>
</record>
